| 000 | 00489nam a2200193Ia 4500 | ||
|---|---|---|---|
| 005 | 20250508163728.0 | ||
| 008 | 008 250505s9999 xx 000 0 eng d | ||
| 020 | _a0-415-16398-6 | ||
| 037 | _aReference | ||
| 040 |
_aFEDL _beng _cFEDL |
||
| 041 |
_aeng _2eng |
||
| 084 |
_a428.1, BAU _qFEDL |
||
| 100 | _aBauer Laurie | ||
| 245 | 0 | _aVocabulary | |
| 260 |
_aLondon, UK _bRoutledge _c1998 |
||
| 300 | _ax,88p. | ||
| 942 |
_cREF _h428.1, BAU |
||
| 999 |
_c1384934 _d1384934 |
||